<?xml version="1.0" encoding="UTF-8"?><?xml-stylesheet type="text/xsl" href="static/style.xsl"?><OAI-PMH xmlns="http://www.openarchives.org/OAI/2.0/" xmlns:xsi="http://www.w3.org/2001/XMLSchema-instance" xsi:schemaLocation="http://www.openarchives.org/OAI/2.0/ http://www.openarchives.org/OAI/2.0/OAI-PMH.xsd"><responseDate>2026-04-14T14:03:05Z</responseDate><request verb="GetRecord" identifier="oai:uvadoc.uva.es:10324/33729" metadataPrefix="marc">https://uvadoc.uva.es/oai/request</request><GetRecord><record><header><identifier>oai:uvadoc.uva.es:10324/33729</identifier><datestamp>2025-03-26T19:10:03Z</datestamp><setSpec>com_10324_1148</setSpec><setSpec>com_10324_931</setSpec><setSpec>com_10324_894</setSpec><setSpec>com_10324_28025</setSpec><setSpec>com_10324_954</setSpec><setSpec>col_10324_1270</setSpec><setSpec>col_10324_28026</setSpec></header><metadata><record xmlns="http://www.loc.gov/MARC21/slim" xmlns:doc="http://www.lyncode.com/xoai" xmlns:xsi="http://www.w3.org/2001/XMLSchema-instance" xmlns:dcterms="http://purl.org/dc/terms/" xsi:schemaLocation="http://www.loc.gov/MARC21/slim http://www.loc.gov/standards/marcxml/schema/MARC21slim.xsd">
<leader>00925njm 22002777a 4500</leader>
<datafield tag="042" ind1=" " ind2=" ">
<subfield code="a">dc</subfield>
</datafield>
<datafield tag="720" ind1=" " ind2=" ">
<subfield code="a">Marqués Cuesta, Luis Alberto</subfield>
<subfield code="e">author</subfield>
</datafield>
<datafield tag="720" ind1=" " ind2=" ">
<subfield code="a">Aboy Cebrián, María</subfield>
<subfield code="e">author</subfield>
</datafield>
<datafield tag="720" ind1=" " ind2=" ">
<subfield code="a">Ruiz Prieto, Manuel</subfield>
<subfield code="e">author</subfield>
</datafield>
<datafield tag="720" ind1=" " ind2=" ">
<subfield code="a">Santos Tejido, Iván</subfield>
<subfield code="e">author</subfield>
</datafield>
<datafield tag="720" ind1=" " ind2=" ">
<subfield code="a">López Martín, Pedro</subfield>
<subfield code="e">author</subfield>
</datafield>
<datafield tag="720" ind1=" " ind2=" ">
<subfield code="a">Pelaz Montes, María Lourdes</subfield>
<subfield code="e">author</subfield>
</datafield>
<datafield tag="260" ind1=" " ind2=" ">
<subfield code="c">2019</subfield>
</datafield>
<datafield tag="520" ind1=" " ind2=" ">
<subfield code="a">By using classical molecular dynamics simulations and a novel technique to identify defects based on the calculation of atomic strain, we have elucidated the detailed mechanisms leading to the anomalous generation and growth of {001} loops found after ultra-fast laser annealing of ion-implanted Si. We show that the building block of the {001} loops is the very stable Arai tetra-interstitial [N. Arai, S. Takeda, M. Kohyama, Phys. Rev. Lett. 78, 4265 (1997)], but their growth is kinetically prevented within conventional Ostwald ripening mechanisms under standard processing conditions. However, our simulations predict that at temperatures close to the Si melting point, Arai tetra-interstitials directly nucleate at the boundaries of fast diffusing self-interstitial agglomerates, which merge by a coalescence mechanism reaching large sizes in the nanosecond timescale. We demonstrate that the crystallization of such agglomerates into {001} loops and their subsequent growth is mediated by the tensile and compressive strain fields that develop concurrently around the loops. We also show that further annealing produces the unfaulting of {001} loops into perfect dislocations. Besides, from the simulations we have fully characterized the {001} loops, determining their atomic structure, interstitial density and formation energy.</subfield>
</datafield>
<datafield tag="024" ind2=" " ind1="8">
<subfield code="a">Acta Materialia, 2019,  Volume 166, Pages 192-201</subfield>
</datafield>
<datafield tag="024" ind2=" " ind1="8">
<subfield code="a">http://uvadoc.uva.es/handle/10324/33729</subfield>
</datafield>
<datafield tag="024" ind2=" " ind1="8">
<subfield code="a">10.1016/j.actamat.2018.12.052</subfield>
</datafield>
<datafield tag="245" ind1="0" ind2="0">
<subfield code="a">{001} loops in silicon unraveled</subfield>
</datafield>
</record></metadata></record></GetRecord></OAI-PMH>